[Event "Sardinia World Open A"]
[Site "Orosei ITA"]
[Date "2026.05.09"]
[Round "8.12"]
[White "Caprio, Guido"]
[Black "Lodici, Lorenzo"]
[Result "0-1"]
[WhiteTitle "IM"]
[BlackTitle "GM"]
[WhiteElo "2430"]
[BlackElo "2590"]
[WhiteFideId "834580"]
[BlackFideId "884189"]
[EventDate "2026.05.03"]

1. h3 e5 2. c4 Nf6 3. Nc3 d5 4. cxd5 Nxd5 5. Nf3 Nc6 6. e4 Ndb4 7. d3 a5 8. a3
Na6 9. Bg5 f6 10. Be3 Nc5 11. Rc1 Be6 12. Nd5 Bxd5 13. exd5 Qxd5 14. Be2 Rd8 15.
O-O Nxd3 16. Rc3 e4 17. Bxd3 exd3 18. Re1 Kf7 19. Bf4 Bc5 20. Bxc7 Rd7 21. Bf4
Rhd8 22. Be3 Bxe3 23. Rxe3 Qb5 24. Qd2 Nd4 25. Nxd4 Rxd4 26. Rc7+ R8d7 27. Rc8
Rc4 28. Rxc4 Qxc4 29. Qxa5 g6 30. Qa8 Qc1+ 31. Kh2 Qxe3 0-1

[Event "Sardinia World Open A"]
[Site "Orosei ITA"]
[Date "2026.05.09"]
[Round "8.13"]
[White "Lortkipanidze, Nodar"]
[Black "Amar, Elham"]
[Result "1-0"]
[WhiteTitle "IM"]
[BlackTitle "GM"]
[WhiteElo "2363"]
[BlackElo "2576"]
[WhiteFideId "13604058"]
[BlackFideId "1533533"]
[EventDate "2026.05.03"]

1. e4 c5 2. Nf3 Nc6 3. d4 cxd4 4. Nxd4 e5 5. Nb5 d6 6. N1c3 a6 7. Na3 Be7 8. Nd5
Nf6 9. Be3 Nxd5 10. exd5 Nb8 11. Nc4 Nd7 12. a4 a5 13. Be2 O-O 14. O-O b6 15. c3
Ba6 16. Na3 Bb7 17. Bb5 Nf6 18. Bc4 h5 19. Qb3 Nd7 20. Bb5 Rb8 21. Rfd1 f5 22.
f3 f4 23. Bf2 e4 24. fxe4 Nf6 25. Qc2 Ng4 26. Nc4 Bh4 27. Bxb6 Qg5 28. Rf1 Nxh2
29. Kxh2 Bg3+ 30. Kg1 Bxd5 31. exd5 Qh4 32. Rf3 Rxb6 33. Nxb6 Rf7 34. Qe4 Re7
35. Qd4 Re3 36. Rxg3 Rxg3 37. Qe4 Qg5 38. Qe8+ Kh7 39. Bd3+ 1-0

[Event "Sardinia World Open A"]
[Site "Orosei ITA"]
[Date "2026.05.09"]
[Round "8.14"]
[White "Sokolovsky, Yahli"]
[Black "Zwirs, Nico"]
[Result "1-0"]
[WhiteTitle "GM"]
[BlackTitle "IM"]
[WhiteElo "2564"]
[BlackElo "2434"]
[WhiteFideId "2820242"]
[BlackFideId "1036432"]
[EventDate "2026.05.03"]

1. e4 e6 2. d4 d5 3. e5 c5 4. c3 Nc6 5. Nf3 Bd7 6. Be2 Nge7 7. O-O Nf5 8. dxc5
a5 9. Bd3 Bxc5 10. Qe2 a4 11. Rd1 h6 12. Bxf5 exf5 13. Rxd5 Qb6 14. c4 Be6 15.
Nc3 O-O 16. Bf4 Ne7 17. Rdd1 Qb4 18. Be3 Bxe3 19. Qxe3 Qxc4 20. Rd4 Qc6 21. Rd6
Qc4 22. Rd4 Qc6 23. Rd6 Qc4 24. Nd4 Ra6 25. Nxe6 fxe6 26. Rd7 Ng6 27. Rad1 f4
28. Qf3 Nxe5 29. Qxb7 Nxd7 30. Rxd7 Kh8 31. Rxg7 Qd3 32. h4 Rg8 33. Rf7 Qg6 34.
h5 Qd3 35. Qe7 1-0

[Event "Sardinia World Open A"]
[Site "Orosei ITA"]
[Date "2026.05.09"]
[Round "8.15"]
[White "Zeng, Chongsheng"]
[Black "Manukyan, Sargis A."]
[Result "1-0"]
[WhiteTitle "GM"]
[BlackTitle "FM"]
[WhiteElo "2557"]
[BlackElo "2376"]
[WhiteFideId "8603847"]
[BlackFideId "13303970"]
[EventDate "2026.05.03"]

1. d4 d5 2. c4 e6 3. Nc3 c5 4. cxd5 cxd4 5. Qa4+ Bd7 6. Qxd4 exd5 7. Nf3 Nc6 8.
Qd3 Bc5 9. Be3 Bxe3 10. Qxe3+ Be6 11. Nd4 Qd7 12. g3 Nge7 13. Rd1 Nxd4 14. Qxd4
O-O 15. Bg2 Rfd8 16. O-O Nc6 17. Qf4 d4 18. e3 d3 19. Be4 d2 20. f3 Na5 21. Bd5
Bxd5 22. Rxd2 Qe6 23. Rfd1 Nc4 24. Rxd5 Rdc8 25. Rd7 Qxe3+ 26. Qxe3 Nxe3 27. Re1
Nc4 28. Ree7 Nxb2 29. Ne4 Rf8 30. Rxb7 Nc4 31. Rec7 Ne5 32. f4 Ng4 33. Nd6 Nh6
34. Rxa7 Rxa7 35. Rxa7 g6 36. Rc7 Nf5 37. Nxf5 gxf5 38. a4 Ra8 39. Rc4 Kg7 40.
Kf2 Kg6 41. Ke3 Kh5 42. h3 Rg8 43. Kf3 Ra8 44. Rc6 1-0

[Event "Sardinia World Open A"]
[Site "Orosei ITA"]
[Date "2026.05.09"]
[Round "8.16"]
[White "Tahay, Alexis"]
[Black "Hardaway, Brewington"]
[Result "0-1"]
[WhiteTitle "IM"]
[BlackTitle "GM"]
[WhiteElo "2355"]
[BlackElo "2510"]
[WhiteFideId "26090961"]
[BlackFideId "30941849"]
[EventDate "2026.05.03"]

1. e4 e5 2. Nf3 Nc6 3. Bb5 a6 4. Ba4 d6 5. O-O Bd7 6. c3 g6 7. d4 Bg7 8. Be3 Nf6
9. Nbd2 O-O 10. Re1 Nh5 11. Bc2 Qe8 12. a4 Kh8 13. a5 f5 14. exf5 gxf5 15. dxe5
dxe5 16. Nc4 e4 17. Nd4 Rg8 18. Kh1 Qg6 19. Rg1 f4 20. Nxc6 Bxc6 21. Bd4 Qg5 22.
Ba4 Bd5 23. Ne3 fxe3 24. Bxe3 Qe5 25. g4 Nf6 26. g5 Ne8 27. Qh5 Nd6 28. Rad1 Bf7
29. Qh3 Qe6 30. Qg3 Bh5 0-1

[Event "Sardinia World Open A"]
[Site "Orosei ITA"]
[Date "2026.05.09"]
[Round "8.17"]
[White "Ohanyan, Emin"]
[Black "Negrean, Andrei"]
[Result "1-0"]
[WhiteTitle "GM"]
[BlackTitle "FM"]
[WhiteElo "2508"]
[BlackElo "2353"]
[WhiteFideId "13312022"]
[BlackFideId "1291513"]
[EventDate "2026.05.03"]

1. e4 c5 2. Nf3 d6 3. d4 cxd4 4. Nxd4 Nf6 5. Nc3 a6 6. Be2 e5 7. Nb3 Be7 8. h4
Be6 9. f4 b5 10. g4 b4 11. Nd5 Nxe4 12. Nxe7 Qxe7 13. f5 Qa7 14. Rf1 Bxb3 15.
axb3 Ng3 16. Qxd6 Qe7 17. Qd5 Ra7 18. Bb5+ Nd7 19. Bg5 f6 20. Be3 Nxf1 21. Kxf1
Qf7 22. Qxf7+ Kxf7 23. Bc4+ Ke7 24. Bxa7 h5 25. Rxa6 hxg4 26. Bb5 1-0

[Event "Sardinia World Open A"]
[Site "Orosei ITA"]
[Date "2026.05.09"]
[Round "8.18"]
[White "Kuru, Atilla"]
[Black "Coicev, Matei-Andrei"]
[Result "1-0"]
[WhiteTitle "IM"]
[BlackTitle "FM"]
[WhiteElo "2464"]
[BlackElo "2360"]
[WhiteFideId "51607948"]
[BlackFideId "1279688"]
[EventDate "2026.05.03"]

1. Nf3 d5 2. g3 Nf6 3. Bg2 e6 4. O-O Be7 5. d3 O-O 6. Nbd2 c5 7. e4 Nc6 8. Re1
Qc7 9. c3 b5 10. exd5 exd5 11. Nb3 Be6 12. Be3 Nd7 13. Ng5 Bxg5 14. Bxg5 c4 15.
dxc4 bxc4 16. Nd4 Nxd4 17. Qxd4 Qa5 18. b4 cxb3 19. axb3 Qb5 20. Be7 Rfe8 21. c4
dxc4 22. bxc4 Qxc4 23. Qxc4 Bxc4 24. Bxa8 Rxa8 25. Rec1 Be6 26. Rxa7 Re8 27. Bd6
h6 28. Rca1 Kh7 29. Ra8 Rxa8 30. Rxa8 Nf6 31. f3 Bd5 32. Ra3 Be6 33. Be5 Nd5 34.
Kf2 Ne7 35. g4 Nd5 36. Kg3 h5 37. h3 hxg4 38. hxg4 g5 39. Ra8 Kg6 40. Rg8+ Kh6
41. Rh8+ Kg6 42. Re8 Bd7 43. Rg8+ Kh6 44. Bd6 Be6 45. Bf8+ Kh7 46. Rg7+ Kh6 47.
Rxf7+ Kg6 48. Rg7+ Kf6 49. Ra7 1-0

[Event "Sardinia World Open A"]
[Site "Orosei ITA"]
[Date "2026.05.09"]
[Round "8.19"]
[White "Bai, Adelard"]
[Black "Raghav V"]
[Result "0-1"]
[WhiteTitle "IM"]
[BlackTitle "FM"]
[WhiteElo "2436"]
[BlackElo "2301"]
[WhiteFideId "16301188"]
[BlackFideId "25922475"]
[EventDate "2026.05.03"]

1. d4 Nf6 2. c4 g6 3. Nc3 d5 4. cxd5 Nxd5 5. e4 Nxc3 6. bxc3 Bg7 7. Nf3 c5 8.
Bb5+ Nd7 9. O-O O-O 10. Rb1 a6 11. Bd3 b5 12. Qe2 Nb6 13. e5 Bb7 14. Be3 Na4 15.
Rbc1 Nxc3 16. Rxc3 Bxf3 17. Qxf3 cxd4 18. Rc5 dxe3 19. Qxe3 Bh6 20. Qe4 Qa5 21.
e6 Qxa2 22. exf7+ Qxf7 23. Re5 Ra7 24. g3 Rd7 25. Bb1 Bg7 26. Re6 Rd2 27. Rxe7
Qf6 28. Qe3 Qd4 29. Qe6+ Kh8 30. Rf7 Rxf7 31. Qxf7 Qf6 32. Qe8+ Qf8 33. Qe3 Rd8
34. Kg2 Qe8 35. Qf3 Qe6 36. h4 Rf8 37. Qb7 Qc8 38. Qb6 Qa8+ 39. f3 Rf6 40. Qe3
Qd5 41. Be4 Qd6 42. Rh1 Qb6 43. Qe2 Rd6 44. h5 Qd8 45. Qe3 Rd2+ 46. Kh3 Qd7+ 47.
g4 gxh5 48. Kg3 Be5+ 49. Kh4 hxg4 50. Qg5 Qd6 51. Kh5 Bf4 52. Qh4 Qe5+ 53. Kxg4
Rg2+ 54. Kh3 Rg3+ 0-1

[Event "Sardinia World Open A"]
[Site "Orosei ITA"]
[Date "2026.05.09"]
[Round "8.20"]
[White "Saric, Ivan"]
[Black "Paduano, Claudio"]
[Result "1-0"]
[WhiteTitle "GM"]
[BlackTitle "FM"]
[WhiteElo "2657"]
[BlackElo "2267"]
[WhiteFideId "14508150"]
[BlackFideId "2806393"]
[EventDate "2026.05.03"]

1. e4 c5 2. Nf3 Nc6 3. Nc3 e5 4. Bc4 d6 5. d3 Be7 6. a4 Nf6 7. Bg5 O-O 8. Bxf6
Bxf6 9. Nd5 Kh8 10. h4 Bg4 11. c3 Bxh4 12. Ne3 Bxf3 13. Qxf3 Bg5 14. Nf5 g6 15.
Qh3 h5 16. Ke2 Ne7 17. g4 Ng8 18. Rag1 Qf6 19. Ne3 h4 20. Ng2 Kg7 21. f4 exf4
22. Nxh4 Nh6 23. Nf3 a6 24. a5 b5 25. axb6 Rab8 26. Kd1 Rxb6 27. Kc2 Rfb8 28. b3
Qe7 29. Qg2 Rh8 30. Rh3 Rbb8 31. Re1 f6 32. Reh1 Nf7 33. Rxh8 Rxh8 34. Ra1 Ne5
35. Rxa6 Nxf3 36. Qxf3 Rh2+ 37. Kb1 Qe5 38. Ra7+ Kf8 39. Ra8+ Kg7 40. Ra7+ Kf8
41. Ra8+ Ke7 42. Ra2 Rxa2 43. Kxa2 Qxc3 44. Qh1 Qd2+ 45. Kb1 f3 46. Qh7+ Kd8 47.
Qa7 Qe1+ 48. Ka2 Qd2+ 49. Kb1 Qc1+ 50. Ka2 Qc2+ 51. Ka1 Qc3+ 52. Ka2 Qc2+ 53.
Ka1 Qd1+ 54. Ka2 Qe2+ 55. Kb1 Qe1+ 56. Ka2 Qe2+ 57. Kb1 Qf1+ 58. Ka2 Qf2+ 59.
Kb1 Qg1+ 60. Ka2 Qg2+ 61. Kb1 Qh1+ 62. Ka2 Qh2+ 63. Kb1 Qh1+ 64. Ka2 Qg2+ 65.
Kb1 f5 66. Qb8+ Ke7 67. Qc7+ Kf6 68. Qd8+ Ke5 69. Qxg5 f2 70. d4+ cxd4 71. Qe7+
Kf4 72. Qxd6+ Ke3 73. exf5 Qe4+ 74. Kb2 d3 75. Qg3+ Ke2 76. Kc3 Ke1 77. Qxd3
Qe5+ 78. Kc2 1-0

[Event "Sardinia World Open A"]
[Site "Orosei ITA"]
[Date "2026.05.09"]
[Round "8.21"]
[White "Dardha, Daniel"]
[Black "Hercegovac, Neven"]
[Result "1/2-1/2"]
[WhiteTitle "GM"]
[BlackTitle "FM"]
[WhiteElo "2602"]
[BlackElo "2307"]
[WhiteFideId "240990"]
[BlackFideId "2839135"]
[EventDate "2026.05.03"]

1. c4 c5 2. Nc3 g6 3. g3 Bg7 4. Bg2 Nc6 5. a3 e6 6. Rb1 Nge7 7. b4 d6 8. Nf3 O-O
9. O-O b6 10. e3 Bb7 11. Qb3 d5 12. cxd5 exd5 13. Bb2 Ba6 14. b5 Na5 15. Qa2 Bb7
16. d4 a6 17. dxc5 bxc5 18. Na4 Bxb2 19. Qxb2 Nc4 20. Qf6 Nxa3 21. Rbc1 c4 22.
Nc5 axb5 23. Nxb7 Qc7 24. e4 Qxb7 25. exd5 Nxd5 26. Qh4 f6 27. Rfd1 Rad8 28. Nd4
Rfe8 29. Qg4 Qb6 30. Nf5 Qe6 31. Nh6+ Kg7 32. Qxe6 Rxe6 33. Bxd5 Re5 34. Bxc4
Rxd1+ 35. Rxd1 Nxc4 36. Ng4 Re7 37. Rb1 Rb7 38. Rb4 f5 39. Ne3 Nxe3 40. fxe3 Kf6
41. Kf2 Ke5 42. Ke2 Kd5 43. Kd2 Kc5 44. Rd4 b4 45. Kc2 Re7 46. Rd3 Ra7 47. Kb2
h5 48. Rd8 Ra3 49. Rg8 Rxe3 50. Rxg6 Kc4 51. Rc6+ Kd4 52. Rd6+ Ke5 53. Rb6 Re2+
54. Kc1 Rxh2 55. Rxb4 Rg2 56. Rh4 Rxg3 57. Kd2 Rg4 58. Rxh5 Re4 59. Rh1 f4 60.
Rh5+ Kf6 61. Rb5 Kg6 62. Ra5 Re6 63. Rb5 f3 64. Rb3 f2 65. Rf3 Rf6 66. Rxf6+
Kxf6 67. Ke2 Ke6 68. Kxf2 Kd5 1/2-1/2

[Event "Sardinia World Open A"]
[Site "Orosei ITA"]
[Date "2026.05.09"]
[Round "8.22"]
[White "Adharsh K"]
[Black "Lalit Babu M R"]
[Result "1/2-1/2"]
[WhiteTitle "FM"]
[BlackTitle "GM"]
[WhiteElo "2312"]
[BlackElo "2532"]
[WhiteFideId "25718207"]
[BlackFideId "5024595"]
[EventDate "2026.05.03"]

1. Nf3 d5 2. g3 Nc6 3. d4 Bf5 4. Bg2 e6 5. O-O Nb4 6. Na3 Be7 7. c3 Nc6 8. Qb3
Rb8 9. c4 Nf6 10. cxd5 Qxd5 11. Qxd5 Nxd5 12. Nb5 Be4 13. Rd1 Bf6 14. e3 g5 15.
Nc3 Bc2 16. Rd2 Bg6 17. Nxd5 exd5 18. b3 Be4 19. Bb2 Nd8 20. Rc1 Ne6 21. Ne5
Bxg2 22. Kxg2 Rg8 23. f3 h5 24. h3 Be7 25. e4 Rd8 26. exd5 Rxd5 27. Nc4 g4 28.
hxg4 hxg4 29. f4 Rh8 30. Ne5 Rg8 31. Nc4 Kd8 32. Ne3 Rh5 33. d5 Nc5 34. Be5 Bd6
35. Bxd6 cxd6 36. b4 Rgh8 37. Nxg4 f5 38. Nf2 Nd7 39. Rdc2 Nb6 40. Kf3 R5h6 41.
Rc7 R6h7 42. Rxh7 1/2-1/2

[Event "Sardinia World Open A"]
[Site "Orosei ITA"]
[Date "2026.05.09"]
[Round "8.23"]
[White "Srinath, Rao S.V."]
[Black "Averin, Nikolay"]
[Result "0-1"]
[WhiteTitle "IM"]
[BlackTitle "IM"]
[WhiteElo "2296"]
[BlackElo "2416"]
[WhiteFideId "5028876"]
[BlackFideId "24250473"]
[EventDate "2026.05.03"]

1. e4 c5 2. Nf3 d6 3. Bb5+ Bd7 4. Bxd7+ Qxd7 5. O-O Nf6 6. Re1 Nc6 7. c3 e6 8.
d4 cxd4 9. cxd4 d5 10. e5 Ne4 11. Nbd2 Nxd2 12. Bxd2 Be7 13. Rc1 O-O 14. Rc3 a5
15. a3 a4 16. h4 h6 17. Rd3 f5 18. exf6 Rxf6 19. Nh2 Raf8 20. Qg4 Bd6 21. Nf3
Qf7 22. h5 Kh7 23. Nh4 Ne7 24. Rf3 Rxf3 25. Nxf3 Nf5 26. Bb4 Bxb4 27. axb4 Qf6
28. Rc1 Nd6 29. Rc7 Ne4 30. Rxb7 Rc8 31. Qg6+ Qxg6 32. hxg6+ Kxg6 33. Ne5+ Kh7
34. f3 Ng3 35. Ra7 Ne2+ 36. Kh2 Nxd4 37. Rxa4 Rc2 38. b5 Nxb5 39. Rb4 Nc7 40.
Rb7 h5 41. b4 d4 42. b5 Nd5 43. Kg3 Rb2 44. Rb8 g5 45. Rb7+ Kh6 46. Nf7+ Kg6 47.
Nh8+ Kf5 48. Rf7+ Nf6 49. Rf8 d3 50. Nf7 d2 51. Nd6+ Kg6 0-1

[Event "Sardinia World Open A"]
[Site "Orosei ITA"]
[Date "2026.05.09"]
[Round "8.24"]
[White "Favaloro, Andrea"]
[Black "Redzisz, Michal"]
[Result "1-0"]
[WhiteTitle "IM"]
[BlackTitle "FM"]
[WhiteElo "2395"]
[BlackElo "2265"]
[WhiteFideId "885940"]
[BlackFideId "21816107"]
[EventDate "2026.05.03"]

1. Nf3 d5 2. d4 Nf6 3. c4 e6 4. Nc3 h6 5. Bf4 c5 6. e3 cxd4 7. Nxd4 a6 8. Be2
dxc4 9. Bxc4 Bd7 10. O-O Nc6 11. Nf3 Be7 12. Rc1 Qa5 13. e4 b5 14. Bb3 b4 15.
Nd5 Bd8 16. Re1 Ra7 17. Bd6 Rb7 18. Nd2 Nxd5 19. exd5 Nd4 20. Rc5 Nxb3 21. Rxa5
Nxa5 22. Qg4 Bf6 23. Bxb4 Rb5 24. dxe6 fxe6 25. Rxe6+ Kd8 26. Bxa5+ Rxa5 27. Rd6 1-0

[Event "Sardinia World Open A"]
[Site "Orosei ITA"]
[Date "2026.05.09"]
[Round "8.25"]
[White "Savitha, Shri B"]
[Black "Urbani, Gabriel"]
[Result "1/2-1/2"]
[WhiteTitle "IM"]
[BlackTitle "FM"]
[WhiteElo "2374"]
[BlackElo "2258"]
[WhiteFideId "35061887"]
[BlackFideId "2830138"]
[EventDate "2026.05.03"]

1. e4 e5 2. Nf3 Nc6 3. Bc4 Bc5 4. d3 Nf6 5. O-O h6 6. c3 d6 7. a4 a5 8. Na3 O-O
9. Be3 Bxe3 10. fxe3 Be6 11. Qe1 Bxc4 12. Nxc4 d5 13. Ncxe5 dxe4 14. Nxc6 bxc6
15. dxe4 Nxe4 16. Rd1 Qe7 17. Nd4 c5 18. Nf5 Qe6 19. Qe2 Kh7 20. Qf3 Rab8 21.
Qe2 Rfe8 22. Rf4 Nd6 23. Nxd6 cxd6 24. Rf3 Kg8 25. Rd2 Rb6 26. h3 Qe4 27. Qf2
Re7 28. Rg3 Re6 29. Rf3 Rb7 30. Qg3 Rb6 31. Rdf2 Rb7 32. Rd2 Rd7 33. Qf4 Qxf4
34. exf4 Re4 35. b3 Kf8 36. c4 Ke7 37. Kf2 f5 38. g3 Ke6 39. Rfd3 Ke7 40. Rd5 g6
41. R2d3 h5 42. Kf3 Re1 43. Kf2 Re4 44. Rd2 Rd8 45. R2d3 Rd7 46. Rd1 Re6 47. Kf3
Kd8 48. R1d3 Kc7 49. g4 hxg4+ 50. hxg4 fxg4+ 51. Kxg4 Rh7 52. Rg5 Rh1 53. Rg3
Rf1 54. Rf3 Rg1+ 55. Kh4 Rh1+ 56. Kg4 Rg1+ 57. Kh4 Rh1+ 1/2-1/2

[Event "Sardinia World Open A"]
[Site "Orosei ITA"]
[Date "2026.05.09"]
[Round "8.26"]
[White "Fulgentini, Edoardo"]
[Black "Jaidambareesh N R"]
[Result "1/2-1/2"]
[BlackTitle "FM"]
[WhiteElo "2264"]
[BlackElo "2373"]
[WhiteFideId "28557050"]
[BlackFideId "46656391"]
[EventDate "2026.05.03"]

1. e4 e5 2. Nf3 Nc6 3. Bb5 a6 4. Ba4 Nf6 5. O-O Be7 6. Re1 b5 7. Bb3 d6 8. c3
O-O 9. d4 Bg4 10. Be3 Bh5 11. Nbd2 exd4 12. cxd4 Nb4 13. Qb1 d5 14. e5 Bg6 15.
exf6 Bxb1 16. fxe7 Qxe7 17. Raxb1 Qd6 18. Ne5 c5 19. a3 cxd4 20. Bxd4 Nc6 21.
Nxc6 Qxc6 22. Rbc1 Qh6 23. Re3 Rad8 24. Nf3 Rfe8 25. Bxd5 Rxe3 26. fxe3 Kf8 27.
Ba2 Ke8 28. Rc7 Rd7 29. Rc8+ Rd8 30. Bxf7+ Kd7 31. Rc5 Ke7 32. Ba2 Rd6 33. Rg5
Rg6 34. Re5+ Kd8 35. Bf7 Rc6 36. Re8+ Kc7 37. Bd5 Rc1+ 38. Kf2 Rc2+ 39. Kf1 Qg6
40. Re7+ Kd8 41. Rd7+ Kxd7 42. Ne5+ Kd6 43. Nxg6 Kxd5 44. Nf4+ Ke4 45. Ne6 a5
46. Nxg7 Rc6 47. Kf2 b4 48. axb4 axb4 49. g4 b3 50. h4 Rc2+ 51. Kg3 Rc1 52. Ne6
Rg1+ 53. Kh3 h6 54. g5 Kf3 55. Kh2 Rg4 56. gxh6 Rxh4+ 57. Kg1 Rxh6 58. Nc5 Rb6
59. Kf1 Rh6 60. Ke1 Rh2 61. Kd1 Rg2 62. Nxb3 Ke4 63. Nc5+ Kd5 64. Kc1 Kc4 65.
Kb1 Rh2 66. Ka2 Rh7 67. b3+ Kd5 68. Kb2 Kc6 69. Kc3 Kb5 70. e4 Rh3+ 71. Nd3 Rh6
72. e5 Rc6+ 73. Bc5 Rh6 74. Kd4 Kc6 75. Nf4 Rh4 1/2-1/2

[Event "Sardinia World Open A"]
[Site "Orosei ITA"]
[Date "2026.05.09"]
[Round "8.27"]
[White "Castellanos Villela, Alejandro"]
[Black "Van Wessel, Rudy"]
[Result "1-0"]
[WhiteTitle "FM"]
[BlackTitle "IM"]
[WhiteElo "2271"]
[BlackElo "2371"]
[WhiteFideId "3446379"]
[BlackFideId "1004395"]
[EventDate "2026.05.03"]

1. e4 c5 2. Nf3 d6 3. d4 cxd4 4. Qxd4 a6 5. Be2 Nc6 6. Qe3 Nf6 7. O-O e6 8. Rd1
Qc7 9. c4 Be7 10. h3 O-O 11. Nc3 b6 12. b3 Bb7 13. Ba3 Rfe8 14. Rac1 Bf8 15. Bf1
Rad8 16. Bb2 Nb8 17. Nh2 Nbd7 18. Ng4 h5 19. Nxf6+ Nxf6 20. Qf4 Be7 21. Be2 h4
22. Bd3 Nd7 23. Na4 Nc5 24. Qg4 g6 25. Nc3 Nxd3 26. Rxd3 Qc5 27. Nd5 exd5 28.
cxd5 Bc8 29. Qf4 Qb5 30. Qf3 Bb7 31. Qf4 Qc5 32. Qg4 Qb5 1-0

[Event "Sardinia World Open A"]
[Site "Orosei ITA"]
[Date "2026.05.09"]
[Round "8.29"]
[White "Kantane, Anna"]
[Black "Adithya A Chullikkad"]
[Result "0-1"]
[WhiteTitle "WIM"]
[BlackTitle "FM"]
[WhiteElo "2216"]
[BlackElo "2358"]
[WhiteFideId "1135988"]
[BlackFideId "45078734"]
[EventDate "2026.05.03"]

1. e4 c5 2. Nf3 d6 3. d4 cxd4 4. Nxd4 Nf6 5. Nc3 a6 6. Bc4 e6 7. a4 Nxe4 8. Nxe4
d5 9. Bd3 dxe4 10. Bxe4 Nd7 11. O-O Nf6 12. Bf3 Qc7 13. Re1 Be7 14. Qe2 O-O 15.
Bg5 h6 16. Bd2 e5 17. Qxe5 Bd6 18. Qa5 Bxh2+ 19. Kh1 Rd8 20. g3 Bxg3 21. fxg3
Qxa5 22. Bxa5 Rxd4 23. Bc3 Rd8 24. Re7 Bf5 25. Bxb7 Ra7 26. Rae1 Be6 27. R7xe6
fxe6 28. Bf3 Kf7 29. Kg2 Rc8 30. Rd1 Rd7 31. Rxd7+ Nxd7 32. Bb7 Rc4 33. Bxa6
Rxa4 34. Bb5 Ra7 35. Bd4 Rb7 36. c4 e5 37. Bc6 Rc7 38. Bd5+ Kf6 39. Be3 Kf5 40.
b3 g5 41. Kf2 Nf6 42. Bb6 Nxd5 43. Bxc7 Nxc7 44. b4 Na6 45. b5 Nc5 0-1

[Event "Sardinia World Open A"]
[Site "Orosei ITA"]
[Date "2026.05.09"]
[Round "8.30"]
[White "Popko, Anton"]
[Black "Saine, Zachary"]
[Result "0-1"]
[WhiteElo "2000"]
[BlackElo "2135"]
[WhiteFideId "34127542"]
[BlackFideId "2624346"]
[EventDate "2026.05.03"]

1. e3 d5 2. b3 e5 3. Bb2 Nc6 4. d4 exd4 5. exd4 Nf6 6. Nf3 Bd6 7. Bb5 O-O 8. O-O
Bg4 9. Bxc6 bxc6 10. Qd3 Nh5 11. Bc1 Qd7 12. Ne5 Qc8 13. h3 Bf5 14. Qd1 Nf6 15.
f4 c5 16. c3 cxd4 17. cxd4 c5 18. Ba3 Rd8 19. Kh2 cxd4 20. Bxd6 Rxd6 21. Qxd4
Ne4 22. Nd2 Rh6 23. Qxd5 Nxd2 24. Qxd2 Bxh3 25. Kg1 Bf5 26. Rac1 Qb7 27. Rfd1
Qb6+ 28. Qd4 Qf6 29. Rc7 Rf8 30. Nf3 Qg6 31. Qc5 Qf6 32. Rxa7 Bg4 33. Qd4 Qf5
34. Rf1 Qh5 35. Qe5 Bxf3 36. Rxf3 Qh2+ 37. Kf1 Rg6 38. Rf2 Qh1+ 39. Ke2 Re6 40.
Qxe6 fxe6 41. Ra6 Qh5+ 42. Ke1 Rd8 0-1

[Event "Sardinia World Open A"]
[Site "Orosei ITA"]
[Date "2026.05.09"]
[Round "8.31"]
[White "Kavutskiy, Kostya"]
[Black "Hanein, Avri"]
[Result "1/2-1/2"]
[WhiteTitle "IM"]
[WhiteElo "2318"]
[BlackElo "1971"]
[WhiteFideId "2026384"]
[BlackFideId "2853744"]
[EventDate "2026.05.03"]

1. c4 c5 2. Nf3 Nc6 3. d4 cxd4 4. Nxd4 Nf6 5. Nc3 e6 6. e4 Bb4 7. Nxc6 bxc6 8.
Bd3 d5 9. cxd5 exd5 10. Qa4 Bxc3+ 11. bxc3 O-O 12. e5 Ng4 13. Bf4 Re8 14. O-O
Nxe5 15. Bxe5 Rxe5 16. Qxc6 Bf5 17. Bxf5 Rxf5 18. Rfe1 Qc8 19. Qa4 h6 20. Re3
Qc7 21. Rd1 Rb8 22. Qc2 Re5 23. Qd2 Rxe3 24. Qxe3 Rc8 25. Rd3 Qb6 26. Qxb6 axb6
27. Kf1 Ra8 28. Rxd5 Rxa2 29. Rd8+ Kh7 30. Rd7 Kg8 31. Rb7 Rc2 32. Rxb6 Rxc3 33.
g3 1/2-1/2

[Event "Sardinia World Open A"]
[Site "Orosei ITA"]
[Date "2026.05.09"]
[Round "8.32"]
[White "Van Haastert, Edwin"]
[Black "Swara Lakshmi S Nair"]
[Result "0-1"]
[WhiteTitle "IM"]
[BlackTitle "WFM"]
[WhiteElo "2369"]
[BlackElo "2098"]
[WhiteFideId "1003992"]
[BlackFideId "25629239"]
[EventDate "2026.05.03"]

1. c4 e5 2. Nc3 Bb4 3. Nd5 Be7 4. d4 exd4 5. Qxd4 Nf6 6. Nxe7 Qxe7 7. Bg5 Nc6 8.
Qc3 d6 9. Bxf6 Qxf6 10. Qxf6 gxf6 11. e3 Be6 12. Nf3 Rg8 13. Rc1 O-O-O 14. Nd2
d5 15. cxd5 Bxd5 16. Rg1 h6 17. a3 Ne5 18. g3 Bc6 19. Be2 Nd3+ 20. Bxd3 Rxd3 21.
Rc3 Rxc3 22. bxc3 Rg5 23. Ke2 Ra5 24. Ra1 Bb5+ 25. c4 Ba6 26. Kd3 b6 27. Kc3 Re5
28. Rd1 Bb7 29. Nb3 c5 30. Nc1 Be4 31. Rd2 Kc7 32. Ne2 a6 33. Kb3 Bc6 34. Nc3 b5
35. Re2 Re8 36. e4 Rb8 37. Re3 Re8 38. Rf3 Re6 39. Nd5+ Bxd5 40. exd5 Rb6 41.
Rf5 Kd7 42. h4 b4 43. a4 a5 44. Rh5 f5 45. Rxf5 Ke7 46. h5 Rd6 47. g4 f6 48. Rf3
Kf7 49. Re3 Rb6 50. f4 Rd6 51. Kc2 Rb6 52. Kd3 b3 53. Kc3 b2 0-1

[Event "Sardinia World Open A"]
[Site "Orosei ITA"]
[Date "2026.05.09"]
[Round "8.35"]
[White "Aamuktha Guntaka"]
[Black "Perossa, Nicolas"]
[Result "1-0"]
[WhiteTitle "WFM"]
[BlackTitle "FM"]
[WhiteElo "2152"]
[BlackElo "2332"]
[WhiteFideId "33486697"]
[BlackFideId "2850520"]
[EventDate "2026.05.03"]

1. e4 e5 2. Nf3 Nc6 3. Nc3 Nf6 4. d4 Bb4 5. Nxe5 Bxc3+ 6. bxc3 Qe7 7. Nxc6 Qxe4+
8. Qe2 dxc6 9. Qxe4+ Nxe4 10. c4 Bf5 11. Bb2 O-O-O 12. f3 Nf6 13. O-O-O Rhe8 14.
g4 Bg6 15. h4 h5 16. g5 Nd7 17. d5 cxd5 18. cxd5 Ne5 19. Bb5 c6 20. dxc6 bxc6
21. Ba6+ Kc7 22. Rxd8 Kxd8 23. f4 Nf3 24. Bxg7 Re4 25. Bf6+ Kc7 26. Rf1 Re1+ 27.
Rxe1 Nxe1 28. Be2 Kd7 29. f5 Bxf5 30. Bxh5 Ng2 31. Bxf7 Nxh4 32. Kd2 Kd6 33. c3
Be4 34. Ke3 Bd5 35. g6 Nxg6 36. Bxg6 Bxa2 37. Bg7 Bd5 38. Bf8+ Ke5 39. Bc5 a5
40. Bc2 Bg2 41. Bb6 Kd5 42. Bb3+ Kd6 43. Bxa5 Kc5 44. Bb4+ Kb5 45. Kd4 Bf1 46.
Bc2 Bc4 47. Ba4+ 1-0